000
00293nam a22001337a 4500
008
170915b xxu||||| |||| 00| 0 eng d
020
_a
0232273233
041
_a
eng
080
_a
7
100
_a
44
101
_a
art
245
_a
HISTORY OF MODERN ART
_c
ARNASTON.H.H
942
_2
udc
_c
BK
999
_c
27784
_d
27784